<?xml version="1.0" encoding="UTF-8"?>
<record
    xmlns:xsi="http://www.w3.org/2001/XMLSchema-instance"
    xsi:schemaLocation="http://www.loc.gov/MARC21/slim http://www.loc.gov/standards/marcxml/schema/MARC21slim.xsd"
    xmlns="http://www.loc.gov/MARC21/slim">

  <leader>01993nam a2200325Ia 4500</leader>
  <datafield tag="952" ind1=" " ind2=" ">
    <subfield code="0">0</subfield>
    <subfield code="1">0</subfield>
    <subfield code="4">0</subfield>
    <subfield code="7">0</subfield>
    <subfield code="a">04</subfield>
    <subfield code="b">04</subfield>
    <subfield code="d">2008-07-25</subfield>
    <subfield code="l">2</subfield>
    <subfield code="o">Q335 R8718 2004</subfield>
    <subfield code="p">04 001568</subfield>
    <subfield code="r">2014-06-19</subfield>
    <subfield code="s">2014-06-19</subfield>
    <subfield code="t">1</subfield>
    <subfield code="w">2012-06-24</subfield>
    <subfield code="y">LB</subfield>
  </datafield>
  <datafield tag="952" ind1=" " ind2=" ">
    <subfield code="0">0</subfield>
    <subfield code="1">0</subfield>
    <subfield code="4">0</subfield>
    <subfield code="7">0</subfield>
    <subfield code="a">04</subfield>
    <subfield code="b">04</subfield>
    <subfield code="d">2008-07-25</subfield>
    <subfield code="l">2</subfield>
    <subfield code="o">Q335 R8718 2004</subfield>
    <subfield code="p">04 001569</subfield>
    <subfield code="r">2014-06-16</subfield>
    <subfield code="s">2014-06-16</subfield>
    <subfield code="t">2</subfield>
    <subfield code="w">2012-06-24</subfield>
    <subfield code="y">LB</subfield>
  </datafield>
  <datafield tag="952" ind1=" " ind2=" ">
    <subfield code="0">0</subfield>
    <subfield code="1">0</subfield>
    <subfield code="4">0</subfield>
    <subfield code="7">0</subfield>
    <subfield code="a">04</subfield>
    <subfield code="b">04</subfield>
    <subfield code="d">2008-07-25</subfield>
    <subfield code="l">6</subfield>
    <subfield code="m">2</subfield>
    <subfield code="o">Q335 R8718 2004</subfield>
    <subfield code="p">04 001570</subfield>
    <subfield code="r">2014-09-04</subfield>
    <subfield code="s">2014-08-29</subfield>
    <subfield code="t">3</subfield>
    <subfield code="w">2012-06-24</subfield>
    <subfield code="y">LB</subfield>
  </datafield>
  <datafield tag="952" ind1=" " ind2=" ">
    <subfield code="0">0</subfield>
    <subfield code="1">0</subfield>
    <subfield code="4">0</subfield>
    <subfield code="7">0</subfield>
    <subfield code="a">04</subfield>
    <subfield code="b">04</subfield>
    <subfield code="d">2008-07-25</subfield>
    <subfield code="l">7</subfield>
    <subfield code="o">Q335 R8718 2004</subfield>
    <subfield code="p">04 001571</subfield>
    <subfield code="r">2016-12-03</subfield>
    <subfield code="s">2016-11-29</subfield>
    <subfield code="t">4</subfield>
    <subfield code="w">2012-06-24</subfield>
    <subfield code="y">LB</subfield>
  </datafield>
  <datafield tag="952" ind1=" " ind2=" ">
    <subfield code="0">0</subfield>
    <subfield code="1">0</subfield>
    <subfield code="2">lcc</subfield>
    <subfield code="4">0</subfield>
    <subfield code="7">0</subfield>
    <subfield code="a">07</subfield>
    <subfield code="b">07</subfield>
    <subfield code="d">2015-04-09</subfield>
    <subfield code="l">1</subfield>
    <subfield code="o"> Q335 R8718 2004 </subfield>
    <subfield code="p">07 005041</subfield>
    <subfield code="r">2019-10-12</subfield>
    <subfield code="s">2019-10-07</subfield>
    <subfield code="t">2015-04-09</subfield>
    <subfield code="w">2015-04-09</subfield>
    <subfield code="y">LB</subfield>
  </datafield>
  <datafield tag="952" ind1=" " ind2=" ">
    <subfield code="0">0</subfield>
    <subfield code="1">0</subfield>
    <subfield code="4">0</subfield>
    <subfield code="7">0</subfield>
    <subfield code="a">04</subfield>
    <subfield code="b">04</subfield>
    <subfield code="d">2015-09-09</subfield>
    <subfield code="l">0</subfield>
    <subfield code="o">Q335 R8718 2004</subfield>
    <subfield code="p">04 005721</subfield>
    <subfield code="r">2015-09-09</subfield>
    <subfield code="t">5</subfield>
    <subfield code="w">2015-09-09</subfield>
    <subfield code="y">LB</subfield>
  </datafield>
  <datafield tag="952" ind1=" " ind2=" ">
    <subfield code="0">0</subfield>
    <subfield code="1">0</subfield>
    <subfield code="4">0</subfield>
    <subfield code="7">0</subfield>
    <subfield code="a">22</subfield>
    <subfield code="b">22</subfield>
    <subfield code="d">2017-11-16</subfield>
    <subfield code="l">1</subfield>
    <subfield code="o">Q335 R8718 2004</subfield>
    <subfield code="p">24 000277</subfield>
    <subfield code="r">2023-08-05</subfield>
    <subfield code="s">2018-03-22</subfield>
    <subfield code="t">1</subfield>
    <subfield code="w">2017-11-16</subfield>
    <subfield code="y">LB</subfield>
  </datafield>
  <datafield tag="999" ind1=" " ind2=" ">
    <subfield code="c">62156</subfield>
    <subfield code="d">62156</subfield>
  </datafield>
  <controlfield tag="005">20231102150742.0</controlfield>
  <controlfield tag="008">120625s2004    sp            001 0 spa d</controlfield>
  <datafield tag="020" ind1=" " ind2=" ">
    <subfield code="a">9788420540030</subfield>
  </datafield>
  <datafield tag="050" ind1=" " ind2="4">
    <subfield code="a">Q335</subfield>
    <subfield code="b">R8718 2004</subfield>
  </datafield>
  <datafield tag="100" ind1="1" ind2=" ">
    <subfield code="a">Russell, Stuart J.</subfield>
    <subfield code="e"> , autor</subfield>
  </datafield>
  <datafield tag="240" ind1="1" ind2="0">
    <subfield code="a">Artificial Intelligence</subfield>
    <subfield code="l">Espa&#xF1;ol </subfield>
  </datafield>
  <datafield tag="245" ind1="1" ind2="0">
    <subfield code="a">Inteligencia artificial</subfield>
    <subfield code="b"> : un enfoque moderno </subfield>
    <subfield code="c"> / Stuart J. Russell, Peter Norvig ; traducci&#xF3;n Juan Manuel Corchado Rodr&#xED;guez </subfield>
  </datafield>
  <datafield tag="250" ind1=" " ind2=" ">
    <subfield code="a">2a. edici&#xF3;n </subfield>
  </datafield>
  <datafield tag="260" ind1=" " ind2=" ">
    <subfield code="a">Espa&#xF1;a</subfield>
    <subfield code="b"> : Pearson Educaci&#xF3;n </subfield>
    <subfield code="c"> , 2004</subfield>
  </datafield>
  <datafield tag="300" ind1=" " ind2=" ">
    <subfield code="a">xxiv, 1212 p&#xE1;ginas</subfield>
    <subfield code="c"> ; 25 cm.</subfield>
  </datafield>
  <datafield tag="500" ind1=" " ind2=" ">
    <subfield code="a">T&#xED;tulo original: Artificial Intelligence</subfield>
  </datafield>
  <datafield tag="500" ind1=" " ind2=" ">
    <subfield code="a">Ejemplar 1 (04 001568) es reimpresi&#xF3;n 2006
Ejemplar 3 (04 001570) y 4 (04 001571) son reimpresi&#xF3;n 2007</subfield>
  </datafield>
  <datafield tag="504" ind1=" " ind2=" ">
    <subfield code="a">Bibliograf&#xED;a: pp. 1121-1177</subfield>
  </datafield>
  <datafield tag="505" ind1="0" ind2=" ">
    <subfield code="a">Agentes inteligentes 
Resolver problemas mediante b&#xFA;squeda 
B&#xFA;squeda informada y exploraci&#xF3;n 
Problemas de satisfacci&#xF3;n de restricciones 
B&#xFA;squeda entre adversarios 
Agebtes l&#xF3;gicos 
L&#xF3;gica de primer orden 
Inferencia en l&#xF3;gica de primer orden 
Representaci&#xF3;n del conocimiento 
Planificaci&#xF3;n
Planificaci&#xF3;n y acci&#xF3;n en el mundo real 
Incertidumbre 
Razonamiento probabilista en el tiempo
Toma de decisiones sencillas 
Toma de decisiones complejas 
Aprendiazaje de observaciones 
Conocimiento en el aprendizaje 
M&#xE9;todo estad&#xED;stico de aprendizaje 
Aprendizaje por refuerzo </subfield>
  </datafield>
  <datafield tag="519" ind1=" " ind2=" ">
    <subfield code="a">Plan Flexible / </subfield>
    <subfield code="b">Inform&#xE1;tica / </subfield>
    <subfield code="c">Inteligencia Artificial (LI951-1) / </subfield>
    <subfield code="d">(24 000277) </subfield>
  </datafield>
  <datafield tag="519" ind1=" " ind2=" ">
    <subfield code="a">Plan Flexible / </subfield>
    <subfield code="b">Inform&#xE1;tica / </subfield>
    <subfield code="c">Inteligencia Artificial (P30-3) / </subfield>
    <subfield code="d">(04 001568)</subfield>
  </datafield>
  <datafield tag="519" ind1=" " ind2=" ">
    <subfield code="a">Material Complementario / </subfield>
    <subfield code="d">(04 001569)</subfield>
  </datafield>
  <datafield tag="519" ind1=" " ind2=" ">
    <subfield code="a">Material Complementario / </subfield>
    <subfield code="d">(04 001570)</subfield>
  </datafield>
  <datafield tag="519" ind1=" " ind2=" ">
    <subfield code="a">Material Complementario / </subfield>
    <subfield code="d">(04 001571)</subfield>
  </datafield>
  <datafield tag="519" ind1=" " ind2=" ">
    <subfield code="a">Material Complementario / </subfield>
    <subfield code="d">(04 005721)</subfield>
  </datafield>
  <datafield tag="650" ind1=" " ind2="4">
    <subfield code="a">INTELIGENCIA ARTIFICIAL</subfield>
  </datafield>
  <datafield tag="700" ind1="1" ind2=" ">
    <subfield code="a">Norvig, Peter </subfield>
    <subfield code="e"> , autor </subfield>
  </datafield>
  <datafield tag="700" ind1="1" ind2=" ">
    <subfield code="a">Corchado Rodr&#xED;guez, Juan Manuel </subfield>
    <subfield code="e"> , traductor </subfield>
  </datafield>
  <datafield tag="942" ind1=" " ind2=" ">
    <subfield code="c">LB</subfield>
  </datafield>
</record>
